000 00828nam a2200205 a 4500
001 50777
005 20180714035947.0
008 140415s2004 sp 000 0 spa d
020 _a8431322047
041 _aspa
082 _a111.85
_bYAR
100 1 _aYARZA, IGNACIO
245 1 0 _aINTRODUCCION A LA ESTETICA
250 _a1a ed.
260 _aESPAÑA :
_bEUNSA,
_c2004
300 _a314
_c17 x 1.1 x 23.9
490 _aINICIACIÓN FILOSÓFICA
520 _aIGNACIO YARZA DISEÑA UN ITINERARIO HISTORICO-FILOSOFICO, DESDE PLATON HASTA NUESTROS DIAS, PARA MOSTRAR COMO LOS FILOSOFOS HAN TRATADO DE RESOLVER ESTAS Y OTRAS COMPLEJAS CUESTIONES. EL RESULTADO ES UN ACCESIBLE TEXTO INTRODUCTORIO, EN EL QUE EL AUTOR NO RENUNCIA, SIN EMBARGO, A PROPONER UNA CONCRETA RESPUESTA TEORICA.
650 1 4 _aESTETICA
999 _c50777
_d50777